| 000 -LEADER |
| fixed length control field |
01340nam a2200229Ia 4500 |
| 001 - CONTROL NUMBER |
| control field |
15739 |
| 003 - CONTROL NUMBER IDENTIFIER |
| control field |
GE_BSU |
| 008 - FIXED-LENGTH DATA ELEMENTS--GENERAL INFORMATION |
| fixed length control field |
181216s||||||||xx |||||||||||||| ||und|| |
| 040 ## - CATALOGING SOURCE |
| Transcribing agency |
GE_BSU |
| 080 ## - UNIVERSAL DECIMAL CLASSIFICATION NUMBER |
| Universal Decimal Classification number |
821.353.1-1 |
| 100 ## - MAIN ENTRY--PERSONAL NAME |
| Personal name |
ხალვაში, ფრიდონ |
| 245 ## - TITLE STATEMENT |
| Title |
ერთტომეული |
| 245 ## - TITLE STATEMENT |
| Remainder of title |
ლექსები |
| 245 ## - TITLE STATEMENT |
| Statement of responsibility, etc. |
წინასიტყვ. ავტ. ე. მაღრაძე |
| 260 ## - PUBLICATION, DISTRIBUTION, ETC. |
| Place of publication, distribution, etc. |
თბილისი |
| 260 ## - PUBLICATION, DISTRIBUTION, ETC. |
| Name of publisher, distributor, etc. |
საბჭ. საქართველო |
| 260 ## - PUBLICATION, DISTRIBUTION, ETC. |
| Date of publication, distribution, etc. |
1976 |
| 300 ## - PHYSICAL DESCRIPTION |
| Extent |
277გვ. : 1 ფ. პორტრ. ; 20სმ |
| 653 ## - INDEX TERM--UNCONTROLLED |
| Uncontrolled term |
წიგნიდან "მე არ ვიქნები შენი სტუმარი"; წიგნიდან "იავნანა"; წიგნიდან "დღე სიყვარულისა"; წიგნიდან "კეთილი იმედის ზღვა"; წიგნიდან "ლტოლვა"; |
| 653 ## - INDEX TERM--UNCONTROLLED |
| Uncontrolled term |
წიგნიდან "ნუგეში"; წიგნიდან "მუხა და ქაირ"; წიგნიდან "ფიქრები ჭოროხთან"; წიგნიდან "მემლექეთი"; წიგნიდან "შორეული სიახლოვე"; პოემები |
| 942 ## - ADDED ENTRY ELEMENTS (KOHA) |
| Koha item type |
წიგნი |